[Event "10th American Continental"]
[Site "Montevideo URU"]
[Date "2015.05.19"]
[Round "6.22"]
[White "Cori T., Deysi"]
[Black "Andrade, Roberto Luiz Costa"]
[Result "1-0"]
[WhiteTitle "WGM"]
[BlackTitle "FM"]
[WhiteElo "2431"]
[BlackElo "2177"]
[WhiteFideId "3801934"]
[BlackFideId "2101521"]
[EventDate "2015.05.15"]
[EventType "swiss"]

1. d4 d5 2. Nf3 Nf6 3. c4 c6 4. e3 e6 5. Nbd2 Nbd7 6. Bd3 Bd6 7. O-O O-O 8. e4
dxe4 9. Nxe4 Nxe4 10. Bxe4 Nf6 11. Bc2 c5 12. Bg5 h6 13. Bh4 cxd4 14. Qxd4 Be7
15. Qc3 Qc7 16. Rad1 b6 17. Qe5 Qxc4 18. Bd3 Qc6 19. Bxf6 Bxf6 20. Be4 Qc4 21.
Qf4 Ba6 22. Rc1 Bg5 23. Nxg5 hxg5 24. Qf3 g4 25. Qf4 e5 26. Qxe5 Qb5 27. Qf4 Qh5
28. Rfe1 Rac8 29. Bf5 Rxc1 30. Rxc1 Be2 31. Re1 Rd8 32. Bc2 Qd5 33. Bb3 Qd7 34.
h3 Ba6 35. Rd1 Qxd1+ 36. Bxd1 Rxd1+ 37. Kh2 gxh3 38. Qh4 g6 39. Qa4 1-0

[Event "10th American Continental"]
[Site "Montevideo URU"]
[Date "2015.05.19"]
[Round "6.23"]
[White "Sanchez Sandoval, Gonzalo"]
[Black "Supi, Luis Paulo"]
[Result "0-1"]
[BlackTitle "IM"]
[WhiteElo "2187"]
[BlackElo "2416"]
[WhiteFideId "3414167"]
[BlackFideId "2106388"]
[EventDate "2015.05.15"]
[EventType "swiss"]

1. e4 c5 2. Nf3 e6 3. d4 cxd4 4. Nxd4 a6 5. Bd3 Bc5 6. Nb3 Be7 7. Qg4 g6 8. Qe2
d6 9. Na3 Nc6 10. O-O Nf6 11. Bh6 e5 12. Nc4 Ng4 13. Bd2 O-O 14. h3 Nf6 15. a4
Be6 16. a5 Nd7 17. Ne3 Bg5 18. Bc4 Nf6 19. Ra4 Kh8 20. Rd1 Nxe4 21. Bxe6 Nxd2
22. Qxd2 fxe6 23. Qxd6 Bxe3 24. fxe3 Qf6 25. Nc5 Rad8 26. Nd7 Qf2+ 27. Kh2 Qxc2
28. Rg4 Rf7 29. Qxe6 Qxd1 30. Rd4 Nxd4 31. Nxe5 0-1

[Event "10th American Continental"]
[Site "Montevideo URU"]
[Date "2015.05.19"]
[Round "6.24"]
[White "Quintiliano Pinto, Renato R."]
[Black "Markzon, Gregory"]
[Result "1/2-1/2"]
[WhiteTitle "FM"]
[BlackTitle "FM"]
[WhiteElo "2411"]
[BlackElo "2156"]
[WhiteFideId "2117568"]
[BlackFideId "2003694"]
[EventDate "2015.05.15"]
[EventType "swiss"]

1. d4 Nf6 2. c4 g6 3. Nc3 Bg7 4. e4 d6 5. Nf3 O-O 6. Be2 e5 7. O-O exd4 8. Nxd4
Re8 9. f3 c6 10. Kh1 Nbd7 11. Bg5 h6 12. Be3 d5 13. cxd5 Nxd5 14. Nxd5 cxd5 15.
Nb5 dxe4 16. Nd6 Re7 17. fxe4 Ne5 18. Nxc8 Qxc8 19. Rc1 Qe6 20. b3 Rd7 21. Qc2
a6 22. Bf4 Rad8 23. Rcd1 Rxd1 24. Rxd1 Rc8 25. Qd2 h5 26. Rf1 b5 27. Rc1 Rxc1+
28. Qxc1 Ng4 29. Bxg4 Qxg4 30. Qf1 1/2-1/2

[Event "10th American Continental"]
[Site "Montevideo URU"]
[Date "2015.05.19"]
[Round "6.25"]
[White "Madeira, Wagner Martins"]
[Black "Choma, Ernani Francisco"]
[Result "1/2-1/2"]
[WhiteTitle "FM"]
[BlackTitle "FM"]
[WhiteElo "2179"]
[BlackElo "2361"]
[WhiteFideId "2100797"]
[BlackFideId "2106922"]
[EventDate "2015.05.15"]
[EventType "swiss"]

1. e4 c5 2. c3 Nf6 3. e5 Nd5 4. Bc4 Nb6 5. Bb3 d5 6. exd6 Qxd6 7. Nf3 Nc6 8. d4
cxd4 9. O-O Be6 10. Na3 dxc3 11. Nb5 Qxd1 12. Rxd1 Rc8 13. Bxe6 fxe6 14. Nxc3 h6
15. Ne4 g6 16. Nc5 Nd8 17. Nd3 Nd5 18. Nf4 Nxf4 19. Bxf4 Bg7 20. Be5 Bf6 21. Rd2
Nc6 22. Bf4 e5 23. Be3 Rc7 24. g4 g5 25. Rc1 Rd7 26. Rcd1 Rc7 27. Rc2 Rd7 28.
Rcd2 Rc7 29. Rc2 Rd7 1/2-1/2

[Event "10th American Continental"]
[Site "Montevideo URU"]
[Date "2015.05.19"]
[Round "6.26"]
[White "Van Riemsdijk, Herman C."]
[Black "Saralegui, Mario"]
[Result "1-0"]
[WhiteTitle "IM"]
[WhiteElo "2352"]
[BlackElo "2125"]
[WhiteFideId "2100053"]
[BlackFideId "3000419"]
[EventDate "2015.05.15"]
[EventType "swiss"]

1. e4 e5 2. Nf3 Nc6 3. Bb5 a6 4. Ba4 Nf6 5. O-O Be7 6. Re1 b5 7. Bb3 O-O 8. d4
d6 9. c3 Bg4 10. Be3 Na5 11. dxe5 dxe5 12. Qxd8 Bxd8 13. Nxe5 Nxb3 14. axb3 Be6
15. Nd2 Re8 16. b4 Ng4 17. Nxg4 Bxg4 18. Nb3 c6 19. f3 Be6 20. Nd4 Bd7 21. Kf2
Bb6 22. Nc2 Bc7 23. Red1 Red8 24. Bc5 Be8 25. Nd4 a5 26. bxa5 Bxa5 27. f4 Bc7
28. Kf3 h6 29. Be7 Rdb8 30. Nb3 f6 31. g4 Bb6 32. Bd6 Rc8 33. Rxa8 Rxa8 34. Ra1
Rd8 35. e5 Bf7 36. Nd2 fxe5 37. fxe5 Bc5 38. Ne4 Bxd6 39. Nxd6 Bd5+ 40. Ke3 Rf8
41. Nf5 Rf7 42. b4 Kh7 43. Kd4 Be6 44. Kc5 g6 45. Kd6 Bc8 46. e6 1-0

[Event "10th American Continental"]
[Site "Montevideo URU"]
[Date "2015.05.19"]
[Round "6.27"]
[White "Carvalho, Herbert Abreu"]
[Black "Disconzi da Silva, Rodrigo"]
[Result "0-1"]
[BlackTitle "IM"]
[WhiteElo "2157"]
[BlackElo "2339"]
[WhiteFideId "2100541"]
[BlackFideId "2100991"]
[EventDate "2015.05.15"]
[EventType "swiss"]

1. Nf3 d5 2. d4 c6 3. g3 Bf5 4. Nbd2 e6 5. c4 Nd7 6. Qb3 Qb6 7. c5 Qc7 8. Nh4
Bg4 9. e4 g5 10. Nhf3 Bg7 11. e5 h6 12. h4 Ne7 13. hxg5 Nf5 14. Bd3 O-O-O 15.
Bxf5 Bxf5 16. gxh6 Bxh6 17. Nh4 f6 18. exf6 Nxf6 19. Ndf3 Bxc1 20. Rxc1 Ne4 21.
Ne5 Qa5+ 22. Rc3 Rdf8 23. O-O Bh3 24. Nhf3 Bxf1 25. Kxf1 Qa6+ 26. Rd3 Rh2 27.
Kg1 Rxf2 28. Qa3 Qxa3 29. Rxa3 a6 30. Rb3 Rc2 31. g4 Rh8 32. Nf7 Rh3 33. g5 Ng3
34. Nd6+ Kd8 35. Nh2 Ne2+ 0-1

[Event "10th American Continental"]
[Site "Montevideo URU"]
[Date "2015.05.19"]
[Round "6.28"]
[White "Barros Rivadeneira, Cristhian"]
[Black "Kimelman, Gabriel"]
[Result "1-0"]
[WhiteTitle "IM"]
[BlackTitle "CM"]
[WhiteElo "2335"]
[BlackElo "2067"]
[WhiteFideId "3609677"]
[BlackFideId "3003035"]
[EventDate "2015.05.15"]
[EventType "swiss"]

1. c4 e5 2. Nc3 Nc6 3. g3 f5 4. Bg2 Nf6 5. e3 d5 6. Nxd5 Nxd5 7. cxd5 Nb4 8. d3
Nxd5 9. Nf3 Bd6 10. O-O c6 11. e4 Nf6 12. Nh4 fxe4 13. dxe4 Be6 14. Nf5 Bxf5 15.
exf5 O-O 16. Qb3+ Rf7 17. Rd1 Qc7 18. Bf1 Kf8 19. Bc4 Rd7 20. Be6 Rdd8 21. Qc2
Be7 22. Re1 Qa5 23. Be3 Rd6 24. a3 Ng4 25. Qe2 Nf6 26. b4 Qc7 27. Rac1 Rad8 28.
Qf1 Rd3 29. Qh3 Rxa3 30. g4 Bxb4 31. g5 Rxe3 32. Rxe3 Bd2 33. gxf6 gxf6 34. Qh6+
Qg7+ 35. Qxg7+ Kxg7 36. Rd1 Rd4 37. Rg3+ Kh6 38. Kf1 Bf4 39. Rxd4 exd4 40. Rg4 1-0

[Event "10th American Continental"]
[Site "Montevideo URU"]
[Date "2015.05.19"]
[Round "6.29"]
[White "Guerrero, Alvaro"]
[Black "Larrea, Manuel"]
[Result "1/2-1/2"]
[BlackTitle "FM"]
[WhiteElo "2156"]
[BlackElo "2327"]
[WhiteFideId "3000478"]
[BlackFideId "3000508"]
[EventDate "2015.05.15"]
[EventType "swiss"]

1. d4 Nf6 2. c4 g6 3. Nc3 Bg7 4. e4 d6 5. Nf3 O-O 6. Be2 Bg4 7. Bg5 h6 8. Be3
Nfd7 9. Qd2 Bxf3 10. Bxf3 Kh7 11. h4 c5 12. h5 g5 13. d5 Na6 14. Be2 Ne5 15. g3
g4 16. Rh4 Qd7 17. Qd1 Rg8 18. Kf1 Bf6 19. Rh1 Nc7 20. Bf4 Rg7 21. Kg2 Rag8 22.
a4 Na6 23. Nb5 Ra8 24. Bd2 Nb4 25. Bxb4 cxb4 26. Nd4 e6 27. a5 Rc8 28. b3 a6 29.
Qd2 Rc5 30. Ra2 Rg5 31. Nc2 exd5 32. exd5 Qf5 33. Qf4 Bd8 34. Nxb4 Kg7 35. Nd3
Rxa5 36. Rxa5 Bxa5 37. Qxf5 Rxf5 38. Nxe5 Rxe5 39. Bxg4 Bb4 40. Bc8 Re7 41. Rh4
a5 42. Kf3 b6 43. Rg4+ Kf6 44. Rf4+ Kg7 45. Rg4+ Kf6 46. Rg8 Bc5 47. Rg4 Re1 48.
Rf4+ Kg7 49. Bd7 Re5 50. Kg2 Re7 51. Ba4 Re5 52. Bc6 Re2 53. Kf1 Re5 54. Ba4 Kf8
55. Rh4 Kg7 56. f4 Re3 57. Kg2 Bb4 58. Rg4+ Kf8 59. f5 Bc3 60. Kf2 Re5 61. Rf4
Be1+ 62. Kg2 Bd2 63. Rf3 f6 64. Rd3 Bb4 65. Rf3 Ke7 66. Bb5 Bd2 67. Kh3 Re3 68.
Rxe3+ 1/2-1/2

[Event "10th American Continental"]
[Site "Montevideo URU"]
[Date "2015.05.19"]
[Round "6.30"]
[White "Valenzuela Gomez, Fernando"]
[Black "Carbone, Diego"]
[Result "1/2-1/2"]
[BlackTitle "CM"]
[WhiteElo "2282"]
[BlackElo "2052"]
[WhiteFideId "3409392"]
[BlackFideId "3002179"]
[EventDate "2015.05.15"]
[EventType "swiss"]

1. d4 Nf6 2. c4 c5 3. d5 d6 4. Nc3 g6 5. h3 Bg7 6. Nf3 O-O 7. e4 e6 8. Bd3 exd5
9. exd5 a6 10. O-O b5 11. cxb5 Nbd7 12. bxa6 Bxa6 13. Bxa6 Rxa6 14. Re1 Qa8 15.
Bf4 Rb8 16. Rb1 Ne8 17. Bd2 Nb6 18. Qe2 Nf6 19. a3 Ra7 20. Bf4 Rd7 21. Rbd1 h6
22. Qd3 Na4 23. Nxa4 Qxa4 24. Bc1 Qb3 25. Qxb3 Rxb3 26. Nd2 Rd3 27. Nc4 Rxd5 28.
Rxd5 Nxd5 29. Rd1 Bd4 30. Bxh6 Nf6 31. Be3 Bxe3 32. Nxe3 d5 33. Kf1 Kf8 34. Rc1
c4 35. Rd1 Ke7 36. g4 Ke6 37. Nc2 Rb7 38. Nd4+ Ke5 39. Nc6+ Kd6 40. Nb4 g5 41.
f4 gxf4 42. g5 Ne4 43. Rxd5+ Ke6 44. Rd4 Kf5 45. Kg2 c3 46. bxc3 Nxc3 47. Kf3
Kxg5 48. Rxf4 Ra7 49. Nc2 Nb1 50. Rg4+ Kf6 51. Rf4+ Kg6 52. Rg4+ Kf6 53. a4 Nc3
54. Ne3 Nxa4 55. Rc4 Nb2 56. Rd4 Ra4 57. Rd2 Nc4 58. Ng4+ Kg7 59. Rg2 Kf8 60.
Kg3 Ra3+ 61. Kh2 Ne3 62. Nxe3 Rxe3 63. h4 f6 64. Rg1 Kf7 65. Rf1 1/2-1/2

[Event "10th American Continental"]
[Site "Montevideo URU"]
[Date "2015.05.19"]
[Round "6.31"]
[White "Starke, Bruno Orlando"]
[Black "Muniz, Rafael"]
[Result "1-0"]
[WhiteElo "2133"]
[BlackElo "2281"]
[WhiteFideId "2128713"]
[BlackFideId "3000486"]
[EventDate "2015.05.15"]
[EventType "swiss"]

1. Nf3 c5 2. c4 Nf6 3. Nc3 e6 4. g3 b6 5. Bg2 Bb7 6. O-O Be7 7. d4 cxd4 8. Qxd4
d6 9. Bg5 h6 10. Bxf6 Bxf6 11. Qd3 a6 12. Rfd1 Be7 13. Ne4 Bxe4 14. Qxe4 Ra7 15.
Nd4 O-O 16. Rac1 Rc7 17. b3 Bf6 18. Nxe6 fxe6 19. Qxe6+ Kh8 20. Rxd6 Qe7 21.
Rcd1 b5 22. Qg4 bxc4 23. bxc4 Rfc8 24. Be4 Rxc4 25. Re6 Qb4 26. Qg6 Rxe4 27.
Rxe4 Qb2 28. Re8+ Rxe8 29. Qxe8+ Kh7 30. Qe4+ Kg8 31. Qe8+ Kh7 32. Qe4+ Kh8 33.
Rb1 Qe5 34. Qxe5 Bxe5 35. Rb7 a5 36. Rb5 Bc7 37. Rc5 1-0

[Event "10th American Continental"]
[Site "Montevideo URU"]
[Date "2015.05.19"]
[Round "6.33"]
[White "Monteiro, Artur Fernando"]
[Black "Sabas, Jorge"]
[Result "1-0"]
[BlackTitle "FM"]
[WhiteElo "1972"]
[BlackElo "2254"]
[WhiteFideId "2108380"]
[BlackFideId "101877"]
[EventDate "2015.05.15"]
[EventType "swiss"]

1. d4 c6 2. Nf3 d5 3. Bf4 Bg4 4. Ne5 Bh5 5. g4 Bg6 6. h4 Qb6 7. b3 Bxc2 8. Qxc2
e6 9. e3 Nf6 10. Bd3 h6 11. Nc3 Nbd7 12. Nxd7 Nxd7 13. O-O g5 14. hxg5 hxg5 15.
Bg3 Rc8 16. Kg2 Bg7 17. Rh1 Ke7 18. Na4 Qa5 19. b4 Qxb4 20. Rxh8 Rxh8 21. Rb1
Qa5 22. Rxb7 Qe1 23. Bf1 1-0

[Event "10th American Continental"]
[Site "Montevideo URU"]
[Date "2015.05.19"]
[Round "6.34"]
[White "Rodriguez, Paulo Virgilio Rios"]
[Black "Martinez Romero, Martin"]
[Result "0-1"]
[BlackTitle "IM"]
[WhiteElo "2072"]
[BlackElo "2404"]
[WhiteFideId "2108267"]
[BlackFideId "4404025"]
[EventDate "2015.05.15"]
[EventType "swiss"]

1. d4 Nf6 2. c4 e6 3. Nc3 Bb4 4. Qc2 d5 5. Bg5 h6 6. Bxf6 Qxf6 7. e3 O-O 8. a3
Bxc3+ 9. Qxc3 c5 10. Nf3 Nd7 11. Bd3 dxc4 12. Qxc4 cxd4 13. Qxd4 Qxd4 14. Nxd4
Nc5 15. Bc4 b6 16. b4 Ne4 17. Rc1 Bb7 18. f3 Nd6 19. Bb3 Rac8 20. Kf2 e5 21. Ne2
Ba6 22. Nc3 Rfd8 23. Nd5 Kf8 24. Rhd1 Bc4 25. Bxc4 Nxc4 26. Ke2 Nxa3 27. Rxc8
Rxc8 28. Ra1 Nb5 29. Kd3 f6 30. f4 Re8 31. Ke4 Nd6+ 32. Kd3 e4+ 33. Kd4 Rc8 34.
Nc3 Rc4+ 35. Kd5 Rxc3 36. Kxd6 Rxe3 37. Rxa7 Rb3 38. Ke6 Kg8 39. Kf5 e3 40. Kg6
Kf8 41. Ra8+ Ke7 42. Ra7+ Kd6 43. Kxg7 e2 44. Ra1 Re3 45. Re1 Kd5 46. Kxf6 Kd4
47. f5 Kd3 48. Kg7 Kd2 49. Rg1 e1=Q 50. Rxe1 Kxe1 51. Kxh6 Re4 52. f6 Rxb4 53.
f7 Rf4 54. Kg7 b5 55. h4 b4 56. g3 Rxf7+ 57. Kxf7 b3 58. h5 b2 59. h6 b1=Q 60.
Kg7 Qb7+ 61. Kg6 Qc6+ 62. Kg7 Qd7+ 63. Kh8 Qg4 64. h7 Qg6 65. g4 Qf7 66. g5 Qf8# 0-1

[Event "10th American Continental"]
[Site "Montevideo URU"]
[Date "2015.05.19"]
[Round "6.35"]
[White "Izquierdo, Sebastian"]
[Black "Menna Barreto, Felipe Kubiaki"]
[Result "0-1"]
[BlackTitle "FM"]
[WhiteElo "2040"]
[BlackElo "2271"]
[WhiteFideId "3001610"]
[BlackFideId "2119757"]
[EventDate "2015.05.15"]
[EventType "swiss"]

1. d4 Nf6 2. Nf3 g6 3. g3 Bg7 4. c4 O-O 5. Bg2 d6 6. O-O Nc6 7. Nc3 e5 8. dxe5
Nxe5 9. Nxe5 dxe5 10. Qxd8 Rxd8 11. Bg5 Rf8 12. b3 c6 13. Rad1 Be6 14. Be3 Rfe8
15. Bc5 Nd7 16. Ba3 f5 17. e4 f4 18. Rd3 Bf8 19. Bxf8 Kxf8 20. Rfd1 Nc5 21. R3d2
a5 22. Bf1 f3 23. h3 g5 24. g4 Ke7 25. Kh2 Rh8 26. Kg3 Raf8 27. Re1 h5 28. gxh5
Rxh5 29. Re3 g4 30. hxg4 Rh1 31. Bg2 fxg2 32. Kxg2 Rh4 33. f3 Rfh8 34. Ree2 Rh2+
35. Kf1 Rxe2 36. Rxe2 a4 37. Kg2 axb3 38. axb3 Nxb3 39. Ra2 Bxc4 40. Kg3 Nd4 41.
Rd2 Rf8 42. Rf2 b5 43. g5 Ne6 44. Kg4 Rg8 45. f4 exf4 0-1

[Event "10th American Continental"]
[Site "Montevideo URU"]
[Date "2015.05.19"]
[Round "6.36"]
[White "Matsuura, Frederico"]
[Black "Genro, Guilherme"]
[Result "1-0"]
[WhiteTitle "FM"]
[WhiteElo "2270"]
[BlackElo "2096"]
[WhiteFideId "2107848"]
[BlackFideId "2173654"]
[EventDate "2015.05.15"]
[EventType "swiss"]

1. d4 d6 2. Nf3 g6 3. c4 Bg7 4. Nc3 Nd7 5. e4 e5 6. Bg5 f6 7. Be3 Ne7 8. Qd2 O-O
9. Be2 a6 10. Rd1 Qe8 11. dxe5 fxe5 12. O-O Kh8 13. Ng5 Nc5 14. Nd5 Nxd5 15.
cxd5 Bh6 16. b4 Na4 17. Nf3 g5 18. Rc1 Bg4 19. Rxc7 Qh5 20. Qc2 Rf6 21. Qxa4
Raf8 22. Rfc1 Rxf3 23. gxf3 Bxf3 24. Qd7 1-0

[Event "10th American Continental"]
[Site "Montevideo URU"]
[Date "2015.05.19"]
[Round "6.37"]
[White "Hernandez, Cristian Andres"]
[Black "Benoit, Rodrigo"]
[Result "1-0"]
[WhiteTitle "IM"]
[WhiteElo "2250"]
[BlackElo "2088"]
[WhiteFideId "4402308"]
[BlackFideId "3005151"]
[EventDate "2015.05.15"]
[EventType "swiss"]

1. e4 e5 2. Nf3 Nc6 3. Bb5 a6 4. Ba4 Nf6 5. d3 d6 6. c3 Be7 7. Nbd2 O-O 8. Nf1
b5 9. Bb3 d5 10. Qe2 d4 11. h3 Bc5 12. Bg5 h6 13. Bh4 Re8 14. Rc1 Be6 15. N1d2
g5 16. Bg3 Qd6 17. Bxe6 Rxe6 18. Nb3 dxc3 19. bxc3 Ba3 20. Rd1 Qe7 21. h4 g4 22.
Nh2 h5 23. Nf1 Bc5 24. Ne3 Bxe3 25. Qxe3 Nd7 26. O-O Nf8 27. Nc5 Rg6 28. d4 Na5
29. f4 gxf3 30. Rxf3 Nc4 31. Qf2 Nd7 32. Rf1 Nxc5 33. dxc5 Rf8 34. Rf5 f6 35.
Rxh5 Rf7 36. Bh2 Rfg7 37. g3 Rg4 38. Rf5 Rxh4 39. Rxf6 Rh5 40. Kh1 Qd7 41. Rxa6
Qd8 42. Rg6 Qe7 43. Rxg7+ Kxg7 44. a4 c6 45. axb5 cxb5 46. c6 Rh6 47. c7 Nd6 48.
Qc5 Nc8 49. Qxe7+ Nxe7 50. Rf5 Rc6 51. Rxe5 Rxc7 52. Rxb5 Rxc3 53. Kg2 Ng6 54.
Bg1 Rd3 55. Rd5 Rxd5 56. exd5 Kf6 57. Bd4+ Kf5 58. Kf3 Nf8 59. g4+ Kg6 60. Be3
Kf6 61. Ke4 Nd7 62. Bf4 Kg6 63. d6 Kf7 64. Kd5 Nf8 65. Be5 1-0

[Event "10th American Continental"]
[Site "Montevideo URU"]
[Date "2015.05.19"]
[Round "6.38"]
[White "Idiarte Borda, Jorge"]
[Black "Teixeira, Ricardo da Silva"]
[Result "0-1"]
[BlackTitle "FM"]
[WhiteElo "2035"]
[BlackElo "2223"]
[WhiteFideId "3000842"]
[BlackFideId "2100126"]
[EventDate "2015.05.15"]
[EventType "swiss"]

1. d4 e6 2. c4 f5 3. g3 Nf6 4. Bg2 Be7 5. Nf3 O-O 6. O-O d6 7. Nc3 a5 8. b3 Ne4
9. Bb2 Nxc3 10. Bxc3 Nd7 11. Qd3 Qe8 12. e4 f4 13. Qd2 a4 14. gxf4 Nf6 15. Ng5
Nh5 16. Nxe6 Bxe6 17. f5 Bc8 18. f4 axb3 19. axb3 Rxa1 20. Rxa1 c6 21. Kh1 d5
22. exd5 Bxf5 23. dxc6 bxc6 24. d5 cxd5 25. Bxd5+ Kh8 26. Re1 Qd8 27. Qe2 Bh4
28. Rg1 Nf6 29. Qg2 Qd7 30. Be5 Bh3 31. Qb2 Ng4 32. Ra1 Nf2+ 33. Kg1 Qg4+ 0-1

[Event "10th American Continental"]
[Site "Montevideo URU"]
[Date "2015.05.19"]
[Round "6.39"]
[White "El Ters, Antouan"]
[Black "Ibanez, Juan Rodrigo"]
[Result "0-1"]
[BlackTitle "CM"]
[WhiteElo "2208"]
[BlackElo "2059"]
[WhiteFideId "3000150"]
[BlackFideId "3002071"]
[EventDate "2015.05.15"]
[EventType "swiss"]

1. e4 e5 2. Nf3 d6 3. d4 exd4 4. Nxd4 Nf6 5. Nc3 Be7 6. Be2 O-O 7. O-O Re8 8.
Re1 c6 9. Bf4 Bf8 10. Bf3 Nbd7 11. Bg3 Ne5 12. Be2 Ng6 13. Qd3 d5 14. exd5 Nxd5
15. Nxd5 Qxd5 16. Qc3 Qc5 17. Bc4 Bd7 18. Nb3 Qb4 19. Qxb4 Bxb4 20. c3 Bf8 21.
Rad1 Rxe1+ 22. Rxe1 b5 23. Bd3 a5 24. Be4 f5 25. Rd1 a4 26. Nc1 a3 27. b3 fxe4
28. Rxd7 Re8 29. Kf1 Re6 30. b4 c5 31. bxc5 Bxc5 32. Rb7 Bb6 33. Bc7 Bxc7 34.
Rxc7 Ne5 35. Rc5 Nd3 36. Nxd3 exd3 37. Rd5 Re2 38. Rxd3 Rxa2 39. Rd8+ Kf7 40.
Ra8 Ke6 41. Ra5 Kd5 42. Rxb5+ Kc4 43. Ra5 Kb3 44. Rb5+ Kxc3 45. Rc5+ Kb4 46. Rc7
Rb2 0-1

[Event "10th American Continental"]
[Site "Montevideo URU"]
[Date "2015.05.19"]
[Round "6.40"]
[White "Caetano, Hugo Zanotti Mendonca"]
[Black "Moreira, Marcelo"]
[Result "1/2-1/2"]
[WhiteElo "2199"]
[BlackElo "2077"]
[WhiteFideId "2119420"]
[BlackFideId "3003043"]
[EventDate "2015.05.15"]
[EventType "swiss"]

1. d4 d5 2. c4 dxc4 3. Nc3 a6 4. e3 b5 5. a4 b4 6. Na2 e6 7. Bxc4 Bb7 8. Nf3 c5
9. O-O Nf6 10. b3 Nbd7 11. Bb2 cxd4 12. Bxd4 Qa5 13. Rc1 Be7 14. Qe2 O-O 15.
Rfd1 Rfd8 16. Ne1 e5 17. Bb2 Nb6 18. Nf3 Rxd1+ 19. Rxd1 Nxc4 20. Qxc4 Rc8 21.
Qe2 e4 22. Nd4 g6 23. Rc1 Rxc1+ 24. Nxc1 Nd5 25. Qg4 Nf6 26. Qf4 Qd8 27. h3 Bd5
28. Qg5 Nh5 29. Qg4 Nf6 30. Qe2 Qc8 31. Qd2 Qb7 32. Nce2 Qd7 33. Nf4 Bb7 34. Qc2
h5 35. Qc4 Kf8 36. Qc2 g5 37. Nfe2 h4 38. Qd2 1/2-1/2

[Event "10th American Continental"]
[Site "Montevideo URU"]
[Date "2015.05.19"]
[Round "6.41"]
[White "Contreras, Henry"]
[Black "Chang, Suzana"]
[Result "1/2-1/2"]
[WhiteTitle "FM"]
[BlackTitle "WFM"]
[WhiteElo "2193"]
[BlackElo "2022"]
[WhiteFideId "4400623"]
[BlackFideId "2105985"]
[EventDate "2015.05.15"]
[EventType "swiss"]

1. e4 e6 2. d3 d5 3. Nd2 Nf6 4. g3 Be7 5. Bg2 O-O 6. e5 Nfd7 7. Ngf3 c5 8. O-O
Nc6 9. Re1 Qc7 10. Qe2 b5 11. c3 b4 12. Nf1 a5 13. Bf4 a4 14. a3 bxc3 15. bxc3
Ba6 16. Ne3 d4 17. cxd4 cxd4 18. Nc4 Rab8 19. Rec1 Nc5 20. Rc2 Qd7 21. Nfd2 Rfc8
22. Ne4 Nb3 23. Raa2 Bxc4 24. Rxc4 Nca5 25. Rxc8+ Rxc8 26. Nd6 Nc1 27. Bxc1
Rxc1+ 28. Bf1 Bxd6 29. exd6 Qxd6 30. Rc2 Rxc2 31. Qxc2 Qxa3 32. Qc8+ Qf8 33. Qa6
Qd8 34. Qb5 a3 35. Qa4 g6 36. Bg2 Qb6 37. Qxa3 Qb1+ 38. Bf1 Qb6 39. h4 h5 40.
Bg2 Kg7 41. Bf3 Nb3 42. Qb2 Qb4 43. Kg2 Qc3 44. Qe2 Qc7 45. Qb2 Qc3 46. Qe2 Qc5
47. Qb2 Nc1 48. Be2 Qc3 49. Qb5 Nxe2 50. Qe5+ f6 51. Qxe6 Qxd3 52. Qe7+ Kg8 53.
Qe8+ 1/2-1/2

[Event "10th American Continental"]
[Site "Montevideo URU"]
[Date "2015.05.19"]
[Round "6.42"]
[White "Muzzi, Eduardo"]
[Black "Granara Barreto, Sebastian"]
[Result "1/2-1/2"]
[WhiteTitle "CM"]
[BlackTitle "FM"]
[WhiteElo "1987"]
[BlackElo "2147"]
[WhiteFideId "3001253"]
[BlackFideId "3000494"]
[EventDate "2015.05.15"]
[EventType "swiss"]

1. e4 e6 2. d4 d5 3. exd5 exd5 4. Bd3 Nf6 5. Nf3 Bd6 6. Bg5 Qe7+ 7. Qe2 Qxe2+ 8.
Bxe2 Ne4 9. Bh4 Nd7 10. Nbd2 Ndf6 11. Nxe4 Nxe4 12. Nd2 Nxd2 13. Kxd2 Bf5 14.
Bg3 Bxg3 1/2-1/2

[Event "10th American Continental"]
[Site "Montevideo URU"]
[Date "2015.05.19"]
[Round "6.43"]
[White "Pichuaga, Juan Pablo"]
[Black "D Andrea, Leonardo"]
[Result "1/2-1/2"]
[WhiteElo "2141"]
[BlackElo "1984"]
[WhiteFideId "3000451"]
[BlackFideId "3005232"]
[EventDate "2015.05.15"]
[EventType "swiss"]

1. e4 e5 2. Nf3 Nc6 3. Bb5 Nge7 4. d4 exd4 5. Nxd4 g6 6. O-O Bg7 7. c3 O-O 8.
Nxc6 bxc6 9. Be2 d5 10. Qc2 f5 11. exd5 cxd5 1/2-1/2

[Event "10th American Continental"]
[Site "Montevideo URU"]
[Date "2015.05.19"]
[Round "6.45"]
[White "Curi, Gabriel"]
[Black "Dornelles, Marcio Neron Camargo"]
[Result "1-0"]
[WhiteTitle "FM"]
[WhiteElo "2253"]
[BlackElo "1980"]
[WhiteFideId "3000400"]
[BlackFideId "2146673"]
[EventDate "2015.05.15"]
[EventType "swiss"]

1. d4 Nf6 2. c4 e6 3. Nc3 Bb4 4. f3 O-O 5. e4 d5 6. e5 Nfd7 7. cxd5 exd5 8. a3
Bxc3+ 9. bxc3 f6 10. exf6 Qe8+ 11. Qe2 Qf7 12. fxg7 Re8 13. Be3 Nb6 14. Qd2 Nc6
15. Rb1 Na5 16. Rb4 Nac4 17. Bxc4 Nxc4 18. Rxc4 dxc4 19. Kf2 Bf5 20. Ne2 Rad8
21. h4 Rd6 22. Bf4 Bd3 23. Ng3 Rb6 24. Be5 Rb3 25. h5 Rxa3 26. Rh4 Qd5 27. Rf4
Rxe5 28. dxe5 Qc5+ 29. Rd4 Qxe5 30. h6 Qc5 31. Qe3 Ra2+ 32. Kg1 1-0

[Event "10th American Continental"]
[Site "Montevideo URU"]
[Date "2015.05.19"]
[Round "6.46"]
[White "Pardo, Alejandro"]
[Black "Ruggiero, Alvaro"]
[Result "1-0"]
[BlackTitle "CM"]
[WhiteElo "2247"]
[BlackElo "1967"]
[WhiteFideId "4402880"]
[BlackFideId "3001504"]
[EventDate "2015.05.15"]
[EventType "swiss"]

1. d4 d5 2. Nf3 Nf6 3. e3 c6 4. Bd3 Nbd7 5. Nbd2 Qc7 6. O-O e6 7. b3 Be7 8. Bb2
O-O 9. Ne5 c5 10. f4 cxd4 11. exd4 g6 12. Qe2 b6 13. a3 Bb7 14. Rac1 Rac8 15. g4
Bd6 16. Rf2 Ne8 17. Re1 Ng7 18. f5 Nxe5 19. dxe5 Bc5 20. f6 Ne8 21. b4 Bxf2+ 22.
Qxf2 d4 23. Qh4 Qd8 24. Re4 Bxe4 25. Bxe4 d3 26. c3 Rxc3 27. Bxc3 Qc7 28. Nb1
Qc4 29. g5 d2 30. Bxd2 Qd4+ 31. Kg2 Qxe5 32. Qf4 Qb2 33. Qg3 Qd4 34. Qd3 Qe5 35.
Kf3 Qxh2 36. Bf4 Qh5+ 37. Kg3 e5 38. Be3 Nxf6 39. gxf6 g5 40. Bf5 Qh4+ 41. Kg2
g4 42. Nc3 Qh3+ 43. Kg1 Qg3+ 44. Kf1 Qh2 45. Nd5 Kh8 46. Qe4 Qh3+ 47. Qg2 Qxg2+
48. Kxg2 h5 49. Bh6 1-0